000 00630nam#a22002295a#4500
001 2286
008 140428s2013####ag############000#0#und#d
245 1 0 _aLicantropía :
_bHistorias de hombres lobos en Occidente /
_cJorge Fondebrider.
250 _a1ª edic. 1ª reimp.
260 _aBuenos Aires :
_bAdriana Hidalgo,
_c2013.
300 _a320 p. ;
_bil. byn. ;
_c22 cm.
490 0 _aEl otro lado
020 _a9789871156160
100 1 _aFondebrider, Jorge.
080 _a82-82
084 _aF 75
653 _aEnsayo Argentino
040 _aAR-ClEAG
_cAR-ClEAG
005 20241107184739.0
003 AR-ClEAG
942 _cBK
999 _c2286
_d2286
980 _62
_aEvangelina Gallicchio
_82
_gEvangelina Gallicchio